| 000 | 00782nam a2200265Ia 4500 | ||
|---|---|---|---|
| 003 | OSt | ||
| 005 | 20220926041442.0 | ||
| 006 | a|||||r|||| 00| 0 | ||
| 007 | ta | ||
| 008 | 220923b |||||||| |||| 00| 0 eng d | ||
| 020 | _a0195517288 | ||
| 037 | _cGeneral Book | ||
| 040 |
_aRTL _cRTL _beng |
||
| 041 |
_2eng _aeng |
||
| 082 | _aX:271-8.8.P, P5 | ||
| 100 |
_aWorboys Graeme L, and others _9344909 |
||
| 245 | 0 |
_aProtected area management _b Principles and practice |
|
| 250 | _a2 | ||
| 260 | _c2005 | ||
| 300 |
_axlvi,641p _ccm. |
||
| 500 | _aBibliography: P 603-28; Appendix: P 576-602 | ||
| 650 |
_aNatural Resources Management Economics _9344910 |
||
| 942 |
_hX:271-8.8.P, P5 _cGB _2CC |
||
| 999 |
_c667250 _d667250 |
||